| 000 | 00845nam a22002417a 4500 | ||
|---|---|---|---|
| 003 | OSt | ||
| 005 | 20140310181916.0 | ||
| 008 | 130716t xxu||||| |||| 00| 0 eng d | ||
| 020 | _a0871202093 | ||
| 050 |
_aLB 2831.824 _b.P317 1993 |
||
| 082 |
_aTR 371.2 _bP38 1992 |
||
| 100 |
_aPatterson, Jerry L. _9831 |
||
| 245 |
_aLeadership for tommorow's schools / _cJerry L. Patterson. |
||
| 260 |
_aAlexandria, Va : _bAssociation for Supervision and Curriculum Development, _cc1992. |
||
| 300 |
_avii. 107 p. ; _c23 cm. |
||
| 521 | _aFaculty | ||
| 541 | _j1 | ||
| 562 | _e1 | ||
| 650 |
_aEducational leadership _xCase studies. _xAppleton _xWisconsin _9835 |
||
| 650 |
_aDecision--making _xCase studies. _xappleton _xWisconsin _9836 |
||
| 650 |
_aOrganizational behavior _xCase studies _xWisconsin--appleton _9837 |
||
| 942 |
_2lcc _cBK-TR _kTR |
||
| 999 |
_c6736 _d6736 |
||